01119nam a2200253 a 45000010005000000030009000050080041000140200015000550400028000700820015000981000029001132450024001422600036001663000011002025050233002135900019004466500019004656500036004846500030005209420012005509990017005629520137005799520149007168013CO-ViMGA141112s2004 ck r 000 u spa d a842000569X aCO-ViMGAbspacCO-ViMGA04a614.3 S1541 aRoberts, Howard R.9760410aSanidad alimentaria aZaragoza (E), cAcribia, c1986 a261.p. aSanidad alimentaria Enfermedades de orígen microbiano transmitidas por los alimentos Trastornos nutricionales Contaminantes ambientales Toxicidad natural de los alimentos Aditivos alimentarios Sanidad alimentaria y toxicologia aEjemplares : 214aADITIVOS9760514aCONTAMINACION - ALIMENTOS9760614aCONTROL - ALIMENTOS97607 2ddccBK c19836d19836 00102ddc40708002aMEVIECARbMEVIECARd2015-12-04h04/oct/2013l0o614.3 S154 p03723r2015-12-04 00:00:00tEj. 2w2015-12-04yBK 00102ddc40708002aMEVIECARbMEVIECARd2015-12-04hVolumen. 1 | 11/jun/2009l0o614.3 S154 p8013r2015-12-04 00:00:00tEj. 1w2015-12-04yBK